Les différentes espèces d'aigle en Europe - Statistics

General Stats
  • This quiz has been taken 4 times
  • The average score is 3 of 7
Answer Stats
Answer % Correct
Aigle royal
100%
Aigle de Bonelli
67%
Aigle impérial
67%
Aigle botté
33%
Aigle ibérique
33%
Aigle criard
0%
Aigle pomarin
0%
No matching quizzes found
Score Distribution
Percent of People with Each Score
Percentile by Number Answered
Your Score History
You have not taken this quiz